000 00268nam a2200121 a 4500
008 101022s1966|||| d
245 1 0 _aVlčia koža
044 _axo
_cSK
100 1 _aLebert, Hans
260 _bObzor
_aBratislava
_c1966
020 _c22
041 _aslo
999 _c12102
_d12102